000 00469nam a22001817a 4500
005 20231121154438.0
010 _aENG-138262
020 _a9788194409663
_c199.00
035 _aEN-121794
037 _bDBAD/PUB
082 _a881
100 _aBharath,Gita
_958934
245 _aTraverse 2019-2020/
_cBy Bharath,Gita
260 _aChennai
_bAdisakrit
_c2020
300 _a77p.
_c23cm(pbk)
700 _eAuthor
_956915
942 _2ddc
_cEN
_h881
_mBHA
999 _c198753
_d198753